Представление документа в формате RUSMARC

ПолеНазваниеЗначение
  Тип записи a
  Библиографический уровень m
001 Контрольный номер RU\bookru\bibl\914359
003 Постоянный идентификатор записи http://www.book.ru/book/914359
005 Дата корректировки 20161026111805.7
010 Индекс ISBN __
a ISBN 978-5-406-02781-3
100 Данные общей обработки 0_
a Данные общей обработки 20130506d2013 mk y0rusy50 ca
101 Язык документа 0_
a Язык текста Русский
102 Страна публикации __
a Страна публикации RU
105 Кодированные данные (монография) __
a Кодированные данные (монография) y ||||000yy
200 Заглавие и сведения об ответственности 1_
a Заглавие Финансовый менеджмент. Финансовое планирование (для бакалавров)
210 Выходные данные __
a Место издания Москва
c Издательство КноРус
d Дата издания 2013
215 Физическое описание __
a Объем 227
330 Аннотация __
a Аннотация Для подготовки экономистов (финансистов) нового типа на основе современных концепций финансового менеджмента . Отвечает требованиям перехода к компетентностной модели высшего образования. Позволяет студентам освоить методы и инновации в финансовых стратегиях фирмы в условиях глобализации финансовых и товарных рынков и роста роли интеллектуального капитала в повышении эффективности компании.
С оответствует ФГОС ВПО третьего поколения.
Д ля бакалавров, магистров и специалистов всех финансовых и экономических профилей и экономических специальностей, а также для финансовых директоров компаний и финансовых аналитиков, для слушателей программ MBA.
606 Тематические рубрики __
a Основная рубрика Менеджмент
2 Код системы local
608 Указатель предметных рубрик __
a Жанр/форма Учебное пособие
2 Код системы local
675 Индекс УДК __
a Индекс УДК 336.6(075.8)
z Язык издания rus
686 Индексы других классификаций __
a Классификационный индекс 65.291.9-21я73
2 Код системы rubbk
700 Автор _1
a Фамилия Брусов П.Н., Филатова Т.В.
801 Источник записи _1
a Страна RU
b Организация book_ru
c Дата составления 20130506
g Правила каталогизации RCR
856 Электронный адрес документа 4_
u Универсальный указатель ресурса (URL) http://www.book.ru/book/914359
951 __
a http://www.book.ru/book/914359